000 00499nam a2200157Ia 4500
003 IN-BaIIA
008 211028s9999 xx 000 0 eng d
040 _cIIA Library
080 _a520.1
_bKAY
100 _aKaye, J R
_919692
245 4 _aThe astronomical observatories of Jai Singh
_cJ R Kaye
260 _aNew Delhi
_bArchaeological Survey of India
_c1982
300 _aviii, 151p.
650 _aAstronomical Observatories
_919693
942 _cBK
999 _c11435
_d11435